MDQL
is popping MORE tags! Check the
thread
!
Quizzes
Events
Quiz Creation
Community
Videos
Private Events
Remove Ads
Sign In
Join for FREE
Feedback
Dark Mode
Quiz Categories
Sports
Geography
Music
Movies
Television
Just For Fun
Miscellaneous
History
Literature
Language
Science
Gaming
Entertainment
Religion
Holiday
For Kids
Quiz Lab
Recent
Popular Today
Quiz Kudos Today
Editor Picks
Curator Picks
Quizzes by...
Day
Popularity
Type
Ratings
Length
Year
Community
Subscriptions
Recent Discussions
Orange Saloon
Badges
Playlists
Quests
Create
Leaderboards
Showdown
Live 5
Trivia Bingo
Activity
Puzzle Library
Sporcle Events
Private Events
Virtual Trivia
Globe League
Become a Host
Pub Owners
SporcleCon
Opinionation
Our Games
Videos
Blog
Mobile Apps
Partnerships
Remove Ads and Go Orange
Feedback
Music
Pop Music
The Beatles
Song
Album
Lyrics
Bands
Singers
Artist
Clip
Rock
Rap
Classical
Billboard
Country Music
Kpop
Taylor Swift
Music
Pop Music
The Beatles
Song
Album
Lyrics
Bands
Singers
Artist
Clip
Rock
Rap
Classical
Billboard
Country Music
Kpop
Taylor Swift
Random Quiz
Search Sporcle
×
Quiz Lab
Quiz Lab
Music
Country Music
Type in answers that appear in a list
Type in answers that appear in a list
Classic
Best Score? Go Orange.
All I Can Do Is Write About It Lyrics Stats
Can you name the Lynyrd Skynyrd Lyrics?
By
CamoTree
10m
250 Questions
61 Plays
61 Plays
61 Plays
Comments
Comments
Give Quiz Kudos
Give Quiz Kudos
-
- Ratings
hide this ad
More Info
Replay
Link that replays current quiz
Next Quiz
Link to next quiz in quiz playlist
You Got
0%
They Got
Avg Score
62%
Avg Friend Score
Upgrade to see
Score Distribution
Jump to the score distribution portion of the page
Score
0/250
Timer
10:00
0
Plays Today
Answer
% Correct
I
96.7%
I
96.7%
I
96.7%
I
96.7%
I
96.7%
I
96.7%
I
96.7%
I
96.7%
I
96.7%
I
96.7%
a
93.4%
a
93.4%
a
93.4%
a
93.4%
a
93.4%
a
93.4%
a
93.4%
a
93.4%
a
93.4%
a
93.4%
the
88.5%
the
88.5%
the
88.5%
the
88.5%
the
88.5%
the
88.5%
the
88.5%
the
88.5%
you
85.2%
you
85.2%
you
85.2%
you
85.2%
you
85.2%
you
85.2%
you
85.2%
you
85.2%
me
80.3%
in
80.3%
in
80.3%
do
80.3%
in
80.3%
me
80.3%
do
80.3%
in
80.3%
me
80.3%
do
80.3%
in
80.3%
me
80.3%
can
78.7%
can
78.7%
can
78.7%
can
78.7%
can
78.7%
can
78.7%
can
78.7%
of
77%
of
77%
of
77%
of
77%
of
77%
that
75.4%
that
75.4%
see
75.4%
see
75.4%
is
75.4%
that
75.4%
see
75.4%
see
75.4%
is
75.4%
see
75.4%
that
75.4%
is
75.4%
is
75.4%
see
75.4%
that
75.4%
And,
73.8%
All
73.8%
and
73.8%
and
73.8%
And,
73.8%
All
73.8%
and
73.8%
And,
73.8%
All
73.8%
Answer
% Correct
and
73.8%
so
72.1%
her
72.1%
to
72.1%
to
72.1%
to
72.1%
to
72.1%
to
72.1%
ever
70.5%
ever
70.5%
write
70.5%
ever
70.5%
write
70.5%
write
70.5%
write
70.5%
no
68.9%
no
68.9%
no
68.9%
Lord
67.2%
Lord
67.2%
Lord,
67.2%
Lord,
67.2%
Lord,
67.2%
Lord,
67.2%
Lord,
67.2%
young?
65.6%
song.
65.6%
take
65.6%
song.
65.6%
song.
65.6%
take
65.6%
take
65.6%
take
65.6%
song.
65.6%
take
65.6%
Well
63.9%
this
63.9%
Well,
63.9%
can't
63.9%
well,
63.9%
Well,
63.9%
can't
63.9%
Well,
63.9%
can't
63.9%
There
62.3%
there
62.3%
Or
62.3%
free?
62.3%
Or
62.3%
before
62.3%
before
62.3%
before
62.3%
has
60.7%
hills
60.7%
Carolina?
60.7%
make
60.7%
make
60.7%
make
60.7%
ain't
59%
ain't
59%
But
59%
ain't
59%
protect
59%
creepin'
59%
but
59%
creepin'
59%
But
59%
but
59%
never
59%
but
59%
creepin'
59%
beauty
57.4%
Tennessee?
57.4%
'em
57.4%
concrete
57.4%
slowly
57.4%
mine
57.4%
life
57.4%
'em
57.4%
concrete
57.4%
slowly
57.4%
mine
57.4%
'em
57.4%
concrete
57.4%
Answer
% Correct
slowly
57.4%
mine
57.4%
live
55.7%
took
55.7%
place
55.7%
gone.
55.7%
like
55.7%
place
55.7%
like
55.7%
Did
55.7%
Did
55.7%
comes.
55.7%
like
55.7%
like
55.7%
Did
55.7%
comes.
55.7%
comes....
55.7%
fish
54.1%
sweetness
54.1%
changes.
54.1%
changes.
54.1%
changes.
54.1%
home.
52.5%
everywhere.
50.8%
it's
50.8%
river
50.8%
just
49.2%
she-gator
49.2%
just
49.2%
kind
47.5%
any
47.5%
about,
47.5%
any
47.5%
about
47.5%
out
47.5%
from
47.5%
any
47.5%
many
44.3%
times,
44.3%
his
44.3%
boy
44.3%
boy.
44.3%
heard
42.6%
my
42.6%
Dixie
42.6%
feel
41%
your
41%
ol'
41%
ol'
41%
a-flowin'?
39.3%
you'll
39.3%
dog?
37.7%
mountain
36.1%
think
36.1%
flowing
34.4%
stream
34.4%
I'm
34.4%
saying
32.8%
down
32.8%
Dixieland
32.8%
better
29.5%
listen
29.5%
they
29.5%
stop
27.9%
put
27.9%
big
27.9%
us
27.9%
Would
26.2%
Would
26.2%
air
26.2%
not
26.2%
youngin'
24.6%
breathin'?
24.6%
trying
24.6%
things
24.6%
Yes,
23%
Yes,
23%
bore.
21.3%
knows
16.4%
'Cause
14.8%
cities.
13.1%
the grass
9.8%
Quiz Playlist
Details
Report
Send in Message
Add To Playlist
More Info:
Enter the lyrics to the Lynyrd Skynyrd song, All I Can Do Is Write About It.
Classic:
Type in answers that appear in a list
Last Updated: Feb 16, 2017
Quiz Scoreboard
CHALLENGE
Sign Up to Join the Scoreboard
Show All
Scores
Hide
Comments
May contain spoilers
Recently Published
Image Sorting: Flags VI
by Barbecue
Geography
2m
Find the 'City' Movie
by crazypaving
Movies
60s
Colored Red Africa Blitz
by spor1
Geography
45s
More to Explore
Quiz From the Vault
Featured Blog Post
14 Easter Pick-up Lines to Find Eggs With
hide this ad
You Might Also Like...
Tags
Country Music Quiz
Classic Rock
Lynyrd
Lynyrd Skynyrd
Skynyrd
Today's Top Quizzes in Music
Browse Music
hide this ad
Today's Top Quizzes in Country Music
Browse Country Music
Top Contributed Quizzes in Music
1
5X2 Blitz: Bands II
2
5X2 Blitz: The Beatles
3
Taylor Swift All Songs (2024)
4
5X2 Blitz: Billboard
5
5X2 Blitz: Billboard II
6
5X2 Blitz: Album
7
Taylor Swift Logic Puzzle II
8
5X2 Blitz: Singers
9
5X2 Blitz: Rock
10
5X2 Blitz: Lyrics
Explore More
Trending Topics
Crossword
Marvel
Harry Potter
Anime
Disney
NBA
Kpop
Song
Country
Soccer
WWE
Pokémon
The Office
Puzzle
NFL
hide this ad
More By:
CamoTree
Quiz
Plays
Rating
Category
Featured
Created
All I Can Do Is Write About It Lyrics
61
3.00
Music
Oct 11, 2016
Go to Creator's Profile
Score Distribution
Quiz Creator Spotlight
CamoTree
Follow
Send a Message
Quizzes Created
-
Created Quiz Play Count
-
More By This Creator
Popular Quizzes Today
1
Colored Red Africa Blitz
2
Find the US States - No Outlines Minefield
3
Find the 'City' Movie
4
5x2 Blitz: Bands
5
The Countries of the World
6
Find the US States
7
Find the Countries of Europe - No Outlines Minefield
8
US States
More Music Quizzes
Mystery Song: Lyrical Hangman
Published
Trending Quizzes
Colored Red Europe Blitz I
Colored Red Europe Blitz II
Colored Red Africa Blitz II
Colored Red Europe Blitz III
Colored Red Africa Blitz III
Recently Updated
How Do You Spell That?
pecheneg
Godzilla Movies
pecheneg
Grab Bag: 4-10 Letters
pecheneg
2024 March Madness Bracket
pecheneg
Famous TV Couples
Peacemaker
Champions League XIs: Real Madrid
pecheneg
Largest US Cities 1790-2010
pecheneg
Rides in Walt Disney World
pecheneg
Most Oscar Losses (Acting)
pecheneg
Beyoncé Albums
pecheneg
Trending Topics
Anime
Crossword
Disney
Marvel
NBA
Harry Potter
Kpop
Pokémon
NFL
Puzzle
WWE
Soccer
Country
The Office
Song
Your Account Isn't Verified!
In order to create a playlist on Sporcle, you need to verify the email address you used during registration. Go to your
Sporcle Settings
to finish the process.
Report this User
Report this user for behavior that violates our
Community Guidelines
.
Details:
Send Report
Go to the Sporcle.com Mobile Site →
Comments